00262nam a22000977a 4500082001400000100001800014245003100032260005400063300000900117650003800126 a539.7 ANN aAnnual Report aThe Annual Report for 1995 aAustriabInternational Atomic Energy Agencyc1996 a119p aAtomic energy,Annual reports 1995